00378nam a2200121Ia 4500008004100000082002300041100004900064245004600113260003000159300001800189650002300207650002600230120622s9999 xx 000 0 und d a086.1bA932 v.1044 aPérez Galdós, Benitod, 1843-1920eautor aLo prohibido c / Beniro Pérez Galdós aMéxicob : Espasa-Calpe a331 páginas14a NOVELA ESPAÑOLA24aLITERATURA ESPAÑOLA